| 000 | 01868nam a22003017a 4500 | ||
|---|---|---|---|
| 005 | 2011110308128.0 | ||
| 010 | _aENG-104012 B-457624-628 | ||
| 020 |
_a9788192102856 _c625.00 |
||
| 035 | _aEN-87545 B-457624-628 | ||
| 037 | _bDBAD/PUB | ||
| 037 | _bK.K.Pub/Ven | ||
| 082 | _a352.63 | ||
| 100 |
_aNarendra Singh _951646 |
||
| 245 |
_aBureaucracy : _cby Narendra Singh _bissues and policy / |
||
| 260 |
_aDelhi _bAncient Publishing House _c2011 |
||
| 270 |
_aV-75, Street No. 15-A, Vijay Park, Near C-11, Shiv Sadhana Mandir, Yamuna Vihar _bDelhi _e110053 |
||
| 300 |
_avi,272p. _c22cm (Hb) |
||
| 500 | _aIncludes index | ||
| 700 | _935668 | ||
| 942 |
_2ddc _cEN _h352.63 _mNAR |
||
| 999 |
_c58028 _d58028 |
||